Effect of weeds management on the yield of phkarumchek rice variety ឥទ្ធិពលនៃការគ្រប់គ្រងស្មៅចង្រៃទៅលើទិន្នផលពូជស្រូវផ្ការំចេក (Record no. 1172)
[ view plain ]
| 000 -LEADER | |
|---|---|
| fixed length control field | 00606nam a22001577a 4500 |
| 003 - CONTROL NUMBER IDENTIFIER | |
| control field | OSt |
| 005 - DATE AND TIME OF LATEST TRANSACTION | |
| control field | 20150924093824.0 |
| 008 - FIXED-LENGTH DATA ELEMENTS--GENERAL INFORMATION | |
| fixed length control field | 150924b xxu||||| |||| 00| 0 eng d |
| 040 ## - CATALOGING SOURCE | |
| Transcribing agency | RUA |
| 082 ## - DEWEY DECIMAL CLASSIFICATION NUMBER | |
| Classification number | AGR BUN 2012 B051 Or.1 |
| 100 ## - MAIN ENTRY--PERSONAL NAME | |
| 9 (RLIN) | 1233 |
| Personal name | BUN, RATANA. |
| 245 ## - TITLE STATEMENT | |
| Title | Effect of weeds management on the yield of phkarumchek rice variety ឥទ្ធិពលនៃការគ្រប់គ្រងស្មៅចង្រៃទៅលើទិន្នផលពូជស្រូវផ្ការំចេក |
| 260 ## - PUBLICATION, DISTRIBUTION, ETC. (IMPRINT) | |
| Place of publication, distribution, etc. | Phnom Penh |
| Name of publisher, distributor, etc. | RUA |
| Date of publication, distribution, etc. | 2012 |
| 300 ## - PHYSICAL DESCRIPTION | |
| Extent | xii; 62p. |
| Other physical details | ill. |
| Dimensions | 29cm. |
| 942 ## - ADDED ENTRY ELEMENTS (KOHA) | |
| Source of classification or shelving scheme | |
| Koha item type | AGR |
| Price effective from | Date last seen | Permanent Location | Not for loan | Date acquired | Source of classification or shelving scheme | Koha item type | Lost status | Withdrawn status | Total Renewals | Date last checked out | Total Checkouts | Shelving location | Damaged status | Barcode | Current Location | Full call number |
|---|---|---|---|---|---|---|---|---|---|---|---|---|---|---|---|---|
| 2015-09-24 | 2015-09-24 | Library Block B | 2015-09-24 | AGR | B051 | RUA001060 | Library Block B | AGR BUN 2012 B051 Or.1 | ||||||||
| 2015-09-24 | 2023-03-14 | Library Block B | 2015-09-24 | AGR | 2023-02-27 | 3 | B051 | RUA001059 | Library Block B | AGR BUN 2012 B051 Or.2 | ||||||
| 2015-09-24 | 2015-09-24 | Library Block B | 2015-09-24 | AGR | B051 | RUA001058 | Library Block B | AGR BUN 2012 B051 Or.3 | ||||||||
| 2015-09-25 | 2015-09-25 | Library Block B | 2015-09-25 | AGR | B051 | RUA005832 | Library Block B | AGR BUN 2012 B051 Or.4 | ||||||||
| 2015-09-25 | 2025-10-06 | Library Block B | 2015-09-25 | AGR | 1 | 2025-07-02 | 3 | RUA005804 | Library Block B | AGR BUN 2012 B051 Or.5 | ||||||
| 2015-09-25 | 2015-09-25 | Library Block B | 2015-09-25 | AGR | RUA015880 | Library Block B | AGR BUN 2012 B051 Or.6 |